000 00627nam a2200205 i 4500
001 30075
003 ES-MaACL
005 20230906154132.0
007 t|
008 030123s1973 sp |||| | spa d
100 1 _aBarroso, Fernando J.
_926063
245 1 3 _aEl naturalismo en la Pardo Bazán /
_cFernando J. Barroso.
260 _aMadrid :
_bPlayor,
_c[1973]
300 _a189 p. ;
_c19 cm.
490 1 _aPlaza Mayor Scholar
600 1 4 _aPardo Bazán, Emilia,
_cCondesa de,
_d1851-1921-
_xCrítica e interpretación
_988986
830 0 _aPlaza Mayor Scholar
_9181264
852 _aES-MaACL
_jC-52849
999 _c30075
_d30075